The future of U.S. foreign trade policy
Đã lưu trong:
| 格式: | 圖書 |
|---|---|
| 語言: | Undetermined |
| 出版: |
Washington
U. S. Government Printing Office
1967
|
| 主題: | |
| 標簽: |
添加標簽
沒有標簽, 成為第一個標記此記錄!
|
| Thư viện lưu trữ: | Trung tâm Học liệu Trường Đại học Cần Thơ |
|---|
| LEADER | 00513nam a2200169Ia 4500 | ||
|---|---|---|---|
| 001 | CTU_81752 | ||
| 008 | 210402s9999 xx 000 0 und d | ||
| 082 | |a 382 | ||
| 082 | |b F996 | ||
| 245 | 4 | |a The future of U.S. foreign trade policy | |
| 260 | |a Washington | ||
| 260 | |b U. S. Government Printing Office | ||
| 260 | |c 1967 | ||
| 650 | |a United states,United states | ||
| 650 | |x Commercial policy,Foreign economic relations | ||
| 904 | |i Trọng Hải | ||
| 980 | |a Trung tâm Học liệu Trường Đại học Cần Thơ | ||